Welcome to CU Library Online Public Access Catalogue (OPAC)

Brainiac : (Record no. 9519)

MARC details
000 -LEADER
fixed length control field 01069cam a22002774a 4500
001 - CONTROL NUMBER
control field 14269937
005 - DATE AND TIME OF LATEST TRANSACTION
control field 20260422152454.0
008 - FIXED-LENGTH DATA ELEMENTS--GENERAL INFORMATION
fixed length control field 060217s2006 nyu b 000 0beng
020 ## - INTERNATIONAL STANDARD BOOK NUMBER
International Standard Book Number 1400064457
Qualifying information acid-free paper
020 ## - INTERNATIONAL STANDARD BOOK NUMBER
International Standard Book Number 9781400064458
050 00 - LIBRARY OF CONGRESS CALL NUMBER
Classification number GV1507.Q5
Item number J44 2006
082 00 - DEWEY DECIMAL CLASSIFICATION NUMBER
Classification number 791.45/72
Edition information 22
100 1# - MAIN ENTRY--PERSONAL NAME
Personal name Jennings, Ken,
Dates associated with a name 1974-
245 10 - TITLE STATEMENT
Title Brainiac :
Remainder of title adventures in the curious, competitive, compulsive world of trivia buffs /
Statement of responsibility, etc. Ken Jennings.
250 ## - EDITION STATEMENT
Edition statement 1st ed.
260 ## - PUBLICATION, DISTRIBUTION, ETC.
Place of publication, distribution, etc. New York :
Name of publisher, distributor, etc. Villard,
Date of publication, distribution, etc. c2006.
300 ## - PHYSICAL DESCRIPTION
Extent xiii, 269 p. ;
Dimensions 25 cm.
650 #0 - SUBJECT ADDED ENTRY--TOPICAL TERM
Topical term or geographic name entry element Quiz shows
Geographic subdivision United States.
650 #0 - SUBJECT ADDED ENTRY--TOPICAL TERM
Topical term or geographic name entry element Questions and answers.
650 #0 - SUBJECT ADDED ENTRY--TOPICAL TERM
Topical term or geographic name entry element Games
Geographic subdivision United States.
650 #0 - SUBJECT ADDED ENTRY--TOPICAL TERM
Topical term or geographic name entry element Popular culture
Geographic subdivision United States.
856 42 - ELECTRONIC LOCATION AND ACCESS
Materials specified Contributor biographical information
Uniform Resource Identifier <a href="http://www.loc.gov/catdir/enhancements/fy0646/2006042063-b.html">http://www.loc.gov/catdir/enhancements/fy0646/2006042063-b.html</a>
856 42 - ELECTRONIC LOCATION AND ACCESS
Materials specified Publisher description
Uniform Resource Identifier <a href="http://www.loc.gov/catdir/enhancements/fy0646/2006042063-d.html">http://www.loc.gov/catdir/enhancements/fy0646/2006042063-d.html</a>
856 41 - ELECTRONIC LOCATION AND ACCESS
Materials specified Sample text
Uniform Resource Identifier <a href="http://www.loc.gov/catdir/enhancements/fy0704/2006042063-s.html">http://www.loc.gov/catdir/enhancements/fy0704/2006042063-s.html</a>
942 ## - ADDED ENTRY ELEMENTS (KOHA)
Source of classification or shelving scheme Library of Congress Classification
Koha item type Books
Suppress in OPAC No
999 ## -
-- 9519
-- 9519
Holdings
Withdrawn status Lost status Source of classification or shelving scheme Damaged status Not for loan Collection Home library Current library Shelving location Date acquired Total checkouts Full call number Barcode Date last seen Price effective from Koha item type
    Library of Congress Classification     Non-fiction Main Library (Kumasi) Main Library (Kumasi) General stacks 04/22/2026   GV1507.Q5J44 JEN bssk00000175 04/22/2026 04/22/2026 Books
© 2023-2024 Copyright: Central University Libraries. All Rights Reserved | Created by: Mahone Tech Office